Analýza vývozného obchodného prípadu v podmienach konkrétnej firmy diplomová práca

Salvato in:
Dettagli Bibliografici
Autore principale: Ihnátová, Martina
Ente Autore: Podnikovohospodárska fakulta EU so sídlom v Košiciach. Katedra marketingu a obchodu
Altri autori: Andrejčíková, Mária
Natura: Libro
Lingua:slovacco
Pubblicazione: Košice 2009
Tags: Aggiungi Tag
Nessun Tag, puoi essere il primo ad aggiungerne!!

MARC

LEADER 00000nam$a2200000$$$4500
001 0099201
005 20240319131722.4
041 0 |a slo 
044 |a SK 
245 1 0 |a Analýza vývozného obchodného prípadu v podmienach konkrétnej firmy  |b diplomová práca  |c Martina Ihnátová ; škol. Mária Andrejčíková 
264 1 |a Košice  |c 2009 
300 |a 71 s. 
100 1 |a Ihnátová, Martina 
700 1 |a Andrejčíková, Mária 
710 2 |a Podnikovohospodárska fakulta EU so sídlom v Košiciach. Katedra marketingu a obchodu